The Annals of thoracic surgery (Record no. 12564)

000 -LEADER
fixed length control field 00317cas a2200133 4500
022 ## - INTERNATIONAL STANDARD SERIAL NUMBER
ISSN 0003-4975
040 ## - CATALOGING SOURCE
Transcribing agency MUL
082 0# - DEWEY DECIMAL CLASSIFICATION NUMBER
Classification number 617 LIT 1999 A043 Or.
245 04 - TITLE STATEMENT
Title The Annals of thoracic surgery
260 ## - PUBLICATION, DISTRIBUTION, ETC. (IMPRINT)
Place of publication [Boston, etc. :
Name of publisher Little, Brown & Co., etc]
300 ## - PHYSICAL DESCRIPTION
Other physical details ill. ;
Dimensions 26 cm
650 #2 - SUBJECT ADDED ENTRY--TOPICAL TERM
Topical Term Thorax
942 ## - ADDED ENTRY ELEMENTS (KOHA)
Koha item type សៀវភៅភាសាអង់គ្លេស
952 ## - LOCATION AND ITEM INFORMATION (KOHA)
Withdrawn status [LOCAL, KOHA] 0
Holdings
Permanent Location Date acquired Koha item type Lost status Shelving location Barcode Current Location Full call number
Library Block A2017-08-14សៀវភៅភាសាអង់គ្លេស A043A25491Library Block A617 LIT 1999 A043 Or.
មជ្ឈមណ្ឌលឯការនៃសាកលវិទ្យាល័យភូមិន្ទកសិកម្មចំការដូង

Powered by Koha